Κατάλογος Βιβλιοθηκών Mediterranean College

Λήψη Αποφάσεων, Κρίση, Διαπραγμάτευση / Θεωρία και Πράξη (Record no. 5717)

MARC details
000 -LEADER
fixed length control field 04046cam a22002054a 4500
005 - ΗΜΕΡΟΜΗΝΙΑ ΚΑΙ ΩΡΑ ΤΕΛΕΥΤΑΙΑΣ ΕΝΗΜΕΡΩΣΗΣ
Πεδίο ελέγχου 20250605164220.0
008 - FIXED-LENGTH DATA ELEMENTS--GENERAL INFORMATION
Πεδίο ελέγχου σταθερού μήκους 250528s ||||||||||||||||||||||||d
035 ## - SYSTEM CONTROL NUMBER
System control number 20626
020 ## - ISBN
ISBN 9600212090
040 ## - ΠΗΓΗ ΚΑΤΑΛΟΓΟΓΡΑΦΗΣΗΣ
Φορέας πρωτότυπης καταλογογράφησης MC Athens Campus Library
Γλώσσα καταλογογράφησης Ελληνικά, Μοντέρνα (1453-)
Modifying agency MC Athens Campus Library
Κανόνες περιγραφικής καταλογογράφησης AACR2
245 1# - ΤΙΤΛΟΣ ΚΑΙ ΔΗΛΩΣΗ ΥΠΕΥΘΥΝΟΤΗΤΑΣ
Τίτλος Λήψη Αποφάσεων, Κρίση, Διαπραγμάτευση / Θεωρία και Πράξη
260 ## - PUBLICATION, DISTRIBUTION, ETC.
Name of publisher, distributor, etc. Παπαζήση,
Date of publication, distribution, etc. 1997
300 ## - PHYSICAL DESCRIPTION
Extent 168
505 0# - FORMATTED CONTENTS NOTE
Formatted contents note Εισαγωγή, Παράγοντες Λήψης Αποφάσεων, Υλικοί Παράγοντες, Οι Έμψυχοι Παράγοντες, Οι Υποκειμενικοί Παράγοντες, Προσεγγίσεις στη Λήψη Αποφάσεων, Η Λήψη Αποφάσεων στην Αρχαιότητα, Σύγχρονες Επιστημονικές Προσεγγίσεις, Θεωρήσεις Διεθνών Σχέσεων, Κλασσικός Ρεαλισμός, Δομικός Ρεαλισμός ή Νεορεαλισμός, Πλουραστική Θεώρηση, Οι Θεωρίες Λήψης Αποφάσεων, Ορθολογικές Θεωρίες Λήψης Αποφάσεων, Το Κλασσικό Μοντέλο, Θεωρία Παιγνίων, Θεωρίες μη Συμβατικής Λογικής, Θεωρίες Περί Γραφειοκρατίας, Περιορισμένος Ορθολογισμός, Το Οργανισμικό Μοντέλο, Μικτά Μοντέλα ή Μελέτες, Άλλες Θεωρίες Λήψης Αποφάσεων, Ψυχολογικές Θεωρίες, Παρανόηση, Ομαδοσκέψη, Κυβερνητική, Κρίση και Διαχείριση Κρίσης, Λειτουργίες και Χαρακτηριστικά της Κρίσης, Αίτια, Αίτια - Αφορμές, Διαχείριση Κρίσης, Διπλωματία, Διπλωματικές Λειτουργίες, Προπαγάνδα, Διαπραγμάτευση, Στόχοι της Διαπραγμάτευσης, Τα Στάδια της Διαπραγμάτευσης, Τακτικές της Διαπραγμάτευσης, Παραρτήματα, Βιβλιογραφία.
520 ## - SUMMARY, ETC.
Summary, etc. Εισαγωγή, Παράγοντες Λήψης Αποφάσεων, Υλικοί Παράγοντες, Οι Έμψυχοι Παράγοντες, Οι Υποκειμενικοί Παράγοντες, Προσεγγίσεις στη Λήψη Αποφάσεων, Η Λήψη Αποφάσεων στην Αρχαιότητα, Σύγχρονες Επιστημονικές Προσεγγίσεις, Θεωρήσεις Διεθνών Σχέσεων, Κλασσικός Ρεαλισμός, Δομικός Ρεαλισμός ή Νεορεαλισμός, Πλουραστική Θεώρηση, Οι Θεωρίες Λήψης Αποφάσεων, Ορθολογικές Θεωρίες Λήψης Αποφάσεων, Το Κλασσικό Μοντέλο, Θεωρία Παιγνίων, Θεωρίες μη Συμβατικής Λογικής, Θεωρίες Περί Γραφειοκρατίας, Περιορισμένος Ορθολογισμός, Το Οργανισμικό Μοντέλο, Μικτά Μοντέλα ή Μελέτες, Άλλες Θεωρίες Λήψης Αποφάσεων, Ψυχολογικές Θεωρίες, Παρανόηση, Ομαδοσκέψη, Κυβερνητική, Κρίση και Διαχείριση Κρίσης, Λειτουργίες και Χαρακτηριστικά της Κρίσης, Αίτια, Αίτια - Αφορμές, Διαχείριση Κρίσης, Διπλωματία, Διπλωματικές Λειτουργίες, Προπαγάνδα, Διαπραγμάτευση, Στόχοι της Διαπραγμάτευσης, Τα Στάδια της Διαπραγμάτευσης, Τακτικές της Διαπραγμάτευσης, Παραρτήματα, Βιβλιογραφία.
700 1# - ΠΡΟΣΘΕΤΗ ΑΝΑΓΡΑΦΗ--ΦΥΣΙΚΟ ΠΡΟΣΩΠΟ
Personal name Κουσκουβέλης Ηλίας Ι
9 (RLIN) 6592
942 ## - ADDED ENTRY ELEMENTS (KOHA)
Koha item type Books
Holdings
Τύπος τεκμηρίου Βιβλιοθήκη Τρέχουσα τοποθεσία Barcode Αριθμός εισαγωγής Ημερομηνία απόκτησης Ταξιθετικό σύμβολο Αριθμός αντιτύπου Κατάσταση απόσυρσης Κατάσταση χαμένου Κατάσταση κατεστραμμένου Μη δανεισμός Σύνολο δανεισμών Ημερομηνία τελευταίας εμφάνισης Η τιμή ισχύει από
Books MC Athens Campus Library MC Athens Campus Library 9780000057167 7188 05/06/2025 658.403 KOU 1           05/06/2025 05/06/2025

MC Athens Campus Library
Πατησίων 94 & Κοδριγκτώνος 13, 104 34
Πελλήνης 8 & Πατησίων 107, 112 51
Τ: +30 210 8899600

MC Thessaloniki Campus Library
Ίωνος Δραγούμη 21, 54625 | Ίωνος Δραγούμη 15, 54625
Τ: +30 2310 287779 – Τ: +30 2314 440300